00482nam a2200205Ia 4500003000400000005001700004008004100021020001500062040000700077041000800084082002300092100001900115245003500134250000600169260003600175300001700211365001300228650000800241650002700249OSt20230413123336.0210423s2008 xx 000 0 und d a6954821678 cAL aeng a343.099223b PEAM aPEARSON (Mark) aJournalists guide to media law a3 aNew DelhibKogan Page Ltdc2008 aviii,486bPB b695cINR aLaw aMilitary Tax Trade Law